=LDR 00000nam 2200000 4500 =001 INLIS000000000050466 =005 20170505082631 =035 ##$$a 0010-0517000119 =007 ta =008 170505###########################0###### =020 ##$$a 978-602-6348-14-2 =082 ##$$a 634.97 =084 ##$$a 634.97 MAR p =100 #$$a Marzuki =245 1#$$a Panene Rezeki dari Berkebun Sengon /$c Marzuki =250 ##$$a Cet.1 =260 ##$$a Yogyakarta :$b Forest Publishing,$c 2016 =300 ##$$a 108 hlm. : $b Ilus ; $c 20, 5 cm. =650 ##$$a Sengon =990 ##$$a 78737873 =990 ##$$a 78737873 =990 ##$$a 31701041 =990 ##$$a 02201707873 =990 ##$$a 31701042 =990 ##$$a 31701041